Вертикальный взлет без полосы разбега; Нефть России; № 2

Podrobná bibliografie
Parent link:Нефть России: аналитический журнал.— , 1996, 1999-2012
№ 2.— 2003.— С. 32-33
Hlavní autor: Журавлева С. Светлана
Jazyk:ruština
Vydáno: 2003
Edice:Дела компаний
Témata:
Médium: MixedMaterials Kapitola
KOHA link:https://koha.lib.tpu.ru/cgi-bin/koha/opac-detail.pl?biblionumber=385766

MARC

LEADER 00000naa2a2200000 4500
001 385766
005 20231101063413.0
035 |a (RuTPU)RU\TPU\prd\13874 
090 |a 385766 
100 |a 20030519a2003 k y0rusy50 ca 
101 0 |a rus 
102 |a RU 
200 1 |a Вертикальный взлет без полосы разбега  |f С. Журавлева 
225 1 |a Дела компаний 
461 1 |0 (RuTPU)RU\TPU\prd\1610  |t Нефть России  |o аналитический журнал  |d 1996, 1999-2012 
463 1 |0 (RuTPU)RU\TPU\prd\11653  |t № 2  |v С. 32-33  |d 2003 
610 1 |a "Лукойл-Югнефтепродукт" 
610 1 |a нефтяные компании 
610 1 |a социальные программы 
610 1 |a юбилеи 
700 1 |a Журавлева  |b С.  |g Светлана 
801 1 |a RU  |b 63413507  |c 20030519  |g PSBO 
801 2 |a RU  |b 63413507  |c 20130801  |g RCR 
942 |c BK